000
00322pab a2200121 454500
008
180718b2003 xxu||||| |||| 00| 0 eng d
245
_a
SPECIAL issue on water management
260
_c
2003
300
_a
p.213-328.
650
_a
Water resources
773
_a
International Journal of Public Administration
909
_a
56641
999
_c
56641
_d
56641